000 01715cam a2200133 4500500
005 20251214011247.0
041 _afre
042 _adc
100 1 0 _aManning, Liliann
_eauthor
245 0 0 _aLe self : Normalité et pathologie
260 _bArmand Colin,
_c2016.
520 _aL’étude du self prend sa place dans la tentative de réponse à la lancinante question « qui sommes-nous ? ». L’auteur, situant sa réflexion au carrefour des (neuro)sciences cognitives et de la phénoménologie, appréhende le self comme un ensemble de processus neurocognitifs où s’enracinent les sentiments de cohérence, d’individualité et d’unicité. L’originalité du présent ouvrage réside dans : • son cadre de travail qui considère l’être humain comme un donneur de sens ; • la place accordée aux relations entre la mémoire de soi et le sens du self ; • sa vision clinique enrichie par l’introduction de la méthode de l’analyse phénoménologique interprétative ; • la présentation détaillée de cas cliniques, qui montrent, entre autres, la nécessité de reconsidérer le self dans la maladie d’Alzheimer et dans l’amnésie en général, et suggèrent une voie nouvelle pour tenter de mieux comprendre le vécu du patient schizophrène. Ce livre s’adresse à toute personne désireuse de clarifier la notion de self, et plus particulièrement aux étudiants de master, aux cliniciens chercheurs et praticiens cliniciens de la cognition humaine, dans les domaines de la psychologie, de la neuropsychologie, de la neurologie, de la gérontologie et de la psychiatrie.
856 4 1 _uhttps://shs.cairn.info/le-self--9782200601676?lang=fr&redirect-ssocas=7080
999 _c1569747
_d1569747